Szczegóły MARC21

Język niemiecki : listy i teksty użytkowe z tłumaczeniami /

003 -Nazwa inst., której nr kontr. jest w polu 001 [,]
    • @
    • Nazwa instytucji, której n kontrolny jest w polu 001
    • NUKAT
005 -DATA I CZAS OSTATNIEJ MODYFIKACJI [,]
    • @
    • pole kontrolne
    • 20241231103639.0
020 -Międzynarod. znormalizowany nr książki - ISBN [ , ]
    • a
    • Numer ISBN
    • 8389718022 Find
040 -Instytucja sporządzająca opis [ , ]
    • a
    • Instytucja, która sporządziła opis (NP)
    • WA M/IW
    • c
    • Instytucja, która sporządziła rekord (NP)
    • WA M/IW
    • d
    • Instytucja, która zmodyfikowała rekord (P)
    • WA M/GM
    • d
    • Instytucja, która zmodyfikowała rekord (P)
    • LUBL U/AGAs
    • d
    • Instytucja, która zmodyfikowała rekord (P)
    • KR U/mal
041 -Język dokumentu [0, ]
    • a
    • Język tekstu (P)
    • niemiecki
    • a
    • Język tekstu (P)
    • polski
942 -Rodzaj dokumentu [ , ]
    • c
    • Rodzaj dokumentu
    • Książka
245 -Strefa tytułu i oznaczenia odpowiedzialności [0,0]
    • a
    • Tytuł
    • Język niemiecki : Find
    • b
    • Ciąg dalszy tytułu (NP)
    • listy i teksty użytkowe z tłumaczeniami / Find
    • c
    • Pozostałe elementy strefy tytułu i oznaczenia odpowiedzialności (NP)
    • oprac. Mirosława Podkowińska-Lisowicz ; konsultacja jęz. Anke Kleinschmidt ; [teksty Zuzanna Iwińska, Bogumił Jankiewicz, Maren Rögen ; konsultacja pol. Iwona Iwińska].
246 -Wariant tytułu [3,0]
    • a
    • Tytuł (NP)
    • Listy i teksty użytkowe z tłumaczeniami - język niemiecki
260 -Strefa adresu wydawniczego [ , ]
    • a
    • Miejsce wydania (P)
    • Warszawa :
    • b
    • Nazwa wydawcy (P)
    • Langenscheidt Polska,
    • c
    • Data wydania (P)
    • cop. 2004.
300 -Strefa opisu fizycznego [ , ]
    • a
    • Określenie formy książki i/lub objętość (NP)
    • 136 s. ;
    • c
    • Format (NP)
    • 22 cm.
336 -Typ zawartości [ , ]
    • a
    • Termin opisujący typ zawartości
    • Tekst
    • b
    • Kod określający zawartość
    • txt
    • 2
    • Źródło (terminu i kodu)
    • rdacontent
337 -Typ mediów [ , ]
    • a
    • Tryb odtwarzania
    • Bez urządzenia pośredniczącego
    • b
    • Kod typu mediów
    • n
    • 2
    • Źródło (terminu i kodu)
    • rdamedia
338 -Typ/rodzaj nośnika [ , ]
    • a
    • Hasło opisujące typ nośnika
    • Wolumin
    • b
    • Kod typu nośnika
    • nc
    • 2
    • Źródło (terminu i kodu)
    • rdacarrier
500 -Uwaga ogólna [ , ]
    • a
    • Uwaga ogólna (NP)
    • Na okł. podtyt.: notatki, ogłoszenia, życzenia, zaproszenia, kartki pocztowe, listy prywatne, listy formalne, maile, SMS-y : do klasówki, do egzaminu, do certyfikatu, do matury.
500 -Uwaga ogólna [ , ]
    • a
    • Uwaga ogólna (NP)
    • Zgodne z Informatorem maturalnym 2005.
521 -Uwaga dot. przeznaczenia czytelniczego [8, ]
    • a
    • Uwaga dot. przeznaczenia czytelniczego
    • Liceum - nowa matura.
080 -Uniwersalna Klasyfikacja Dziesiętna [ , ]
    • 2
    • Identyfikator wydania tablic
    • UDC-P022
    • a
    • Symbol klasyfikacji
    • 811.112.2
    • b
    • Dopowiedzenie
    • Język niemiecki
    • b
    • Dopowiedzenie
    • (Podręczniki dla szkół średnich).
    • x
    • Poddział wspólny
    • (075.3.053.7)
080 -Uniwersalna Klasyfikacja Dziesiętna [ , ]
    • 2
    • Identyfikator wydania tablic
    • UDC-P022
    • a
    • Symbol klasyfikacji
    • 371.279.6
    • b
    • Dopowiedzenie
    • Pytania egzaminacyjne.Zadania egzaminacyjne. Testy egzaminacyjne.
    • b
    • Dopowiedzenie
    • Egzaminy wstępne. Matury.
650 -Hasło przedmiotowe [ ,7]
    • a
    • Hasło przedmiotowe
    • Język niemiecki
    • x
    • Określnik rzeczowy
    • język pisany
    • v
    • Określnik formalny
    • podręczniki dla polskojęzycznych.
    • 2
    • Źródło terminu
    • kaba
    • 9
    • KHW
    • 571545
650 -Hasło przedmiotowe [ ,7]
    • a
    • Hasło przedmiotowe
    • Korespondencja niemiecka
    • v
    • Określnik formalny
    • poradniki.
    • 2
    • Źródło terminu
    • kaba
    • 9
    • KHW
    • 387263
980 -Symbol UKD [ , ]
    • a
    • UKD
    • 811.112.2(075.3.053.7):371.279.6
700 -Hasło dodatkowe - nazwa osobowa [1, ]
    • a
    • Nazwa osobowa (NP)
    • Podkowińska-Lisowicz, Mirosława. Find
    • e
    • Określenie rodzaju współpracy
    • Oprac.
    • 9
    • KHW
    • 484191
700 -Hasło dodatkowe - nazwa osobowa [1, ]
    • a
    • Nazwa osobowa (NP)
    • Kleinschmidt, Anke. Find
    • e
    • Określenie rodzaju współpracy
    • Oprac.
    • 9
    • KHW
    • 79695
700 -Hasło dodatkowe - nazwa osobowa [1, ]
    • a
    • Nazwa osobowa (NP)
    • Iwińska, Zuzanna. Find
    • 9
    • KHW
    • 571272
700 -Hasło dodatkowe - nazwa osobowa [1, ]
    • a
    • Nazwa osobowa (NP)
    • Jankiewicz, Bogumił. Find
    • 9
    • KHW
    • 571273
700 -Hasło dodatkowe - nazwa osobowa [1, ]
    • a
    • Nazwa osobowa (NP)
    • Rögen, Maren. Find
    • 9
    • KHW
    • 571274
700 -Hasło dodatkowe - nazwa osobowa [1, ]
    • a
    • Nazwa osobowa (NP)
    • Iwińska, Iwona. Find
    • e
    • Określenie rodzaju współpracy
    • Oprac.
    • 9
    • KHW
    • 571275
710 -Hasło dodatkowe - nazwa ciała zbiorowego [2, ]
    • a
    • Nazwa ciała zbiorowego lub nazwa geograficzna jako pierwszy element (NP)
    • Langenscheidt Polska.
    • 4
    • Kod relacji
    • pbl
    • 9
    • KHW
    • 50561
920 -ISBN [ , ]
    • a
    • ISBN
    • 83-89718-02-2 Find
Data inwentaryzacji Sygnatura Status udost. Lokalizacja Numer inwentarzowy
2006-10-19GERM. Nauka jęz.-pisanie 021BMG.18424